| 000 | 00544pam a2200169 a 4500 | ||
|---|---|---|---|
| 020 |
_a0534939244 : _c$46.00 |
||
| 050 | 0 | 0 |
_aQA303 _b.S9357 1994 |
| 100 | 1 |
_aSwokowski, Earl William, _d1926- |
|
| 245 | 1 | 0 |
_aCalculus of a single variable / _cEarl W. Swokowski, Michael Olinick, Dennis Pence ; with the assistance of Jeffery A. Cole. |
| 250 | _a2nd ed. | ||
| 260 |
_aBoston : _bPWS Pub. Co., _cc1994. |
||
| 300 | _axxiv, 843, 81 p. : | ||
| 500 | _aIncludes index. | ||
| 700 | 1 | _aOlinick, Michael. | |
| 700 | 1 | _aPence, Dennis. | |
| 942 |
_2lcc _cGEN |
||
| 999 |
_c10140 _d10140 |
||